Tài liệu bồi dưỡng cán bộ quản lý, công chức nhà nước ngành giáo dục và đào tạo : Dùng cho cán bộ quản lý trường đại học, cao đẳng và trung cấp chuyên nghiệp

Tài liệu gồm 2 phần đề cập đến vấn đề Nhà nước và quản lý hành chính Nhà nước nói chung, bên cạnh đó còn đề cập đến vấn đề quản lý Nhà nước về giáo dục và đào tạo.

Guardat en:
Dades bibliogràfiques
Autor corporatiu: Bộ Giáo dục và Đào tạo
Format: Llibre
Idioma:Undetermined
Publicat: Hà Nội 2008
Matèries:
Etiquetes: Afegir etiqueta
Sense etiquetes, Sigues el primer a etiquetar aquest registre!
Thư viện lưu trữ: Trung tâm Học liệu Trường Đại học Cần Thơ
LEADER 01082nam a2200193Ia 4500
001 CTU_153852
008 210402s9999 xx 000 0 und d
082 |a 353.8 
082 |b B450/Ph.2 
110 |a Bộ Giáo dục và Đào tạo 
245 0 |a Tài liệu bồi dưỡng cán bộ quản lý, công chức nhà nước ngành giáo dục và đào tạo : 
245 0 |b Dùng cho cán bộ quản lý trường đại học, cao đẳng và trung cấp chuyên nghiệp 
245 0 |c Bộ Giáo dục và Đào tạo 
260 |a Hà Nội 
260 |c 2008 
520 |a Tài liệu gồm 2 phần đề cập đến vấn đề Nhà nước và quản lý hành chính Nhà nước nói chung, bên cạnh đó còn đề cập đến vấn đề quản lý Nhà nước về giáo dục và đào tạo. 
650 |a Administrative law ( vietnamese law ),Education and state 
904 |i Bạch Trúc 
980 |a Trung tâm Học liệu Trường Đại học Cần Thơ